01670nam a2200217 4500008004100000020001500041041000800056092001700064100002900081245005600110250004300166260002800209300001100237500008100248505081100329590006901140655002101209942001301230999001501243952019401258200303s2001 es ||||er|||| 001 0 spa d a8479016868 aspa c808l83sTHU1 aThurlow, Clifford.94121 aSexo, surrealismo, Dalí y yo /cClifford Thurlow. a1a ed.bTraducción Claudio Molinari. aBarcelona:bRBA;c2001. a303 p. aThurlow, C. (2001). Sexo, surrealismo, Dali y yo. (1a ed.). Barcelona : BBA. aSexo, surrealismo, Dalí y yo es uno de los libros más curiosos y divertidos que, sobre Salvador Dalí y su época se haya escrito, y ha sido recibido en Inglaterra y España como uno de los acontecimientos editoriales más importantes del último año. Carlos Lozano, amigo íntimo de Dalí, desde 1969 hasta su muerte, fue una de las pocas personas que accedió al círculo cerrado e impenetrable del talentoso pintor catalán. Desde lo más profundo de este círculo cuenta lo que vio y sintió: las frases extraordinarias del pintor, las fiestas más locas e increíbles, el lujo más desenfrenado y la capacidad de Dalí de convertirlo todo en oro. Decenas de anécdotas delirantes e inolvidables, explicadas aquí por primera vez, se suceden en este delicado y sensual relato.  aProyecto 4to libro. Donación Otero Moreno, Camilo. Marzo 2020. aLiteratura92917 2ddccLIT c3078d3078 00102ddc4070aBFMbBFMcCRd2020-03-03eDonación Otero Moreno, Camilo. Marzo 2020l0o808 83 THUp4626r2020-03-03tEj. 1w2020-03-03yLITzDonación Otero Moreno, Camilo. Marzo 2020.